000 00561nam a2200205Ia 4500
003 OSt
005 20230511113001.0
008 210423s2009 xx 000 0 und d
020 _a9788184892659
040 _cAL
041 _aeng
082 _a574.87
_223
_bPROD
100 _aPROCKOP (Darwin J);others.
_9102706
245 _aMesenchymal stem cells: methods and protocols.
260 _aNew Delhi
_bHumana Press
_c2009
300 _axvi,192
_bHB
365 _b895
_cINR
906 _acells ; Mesenchymal ; methods ; protocols. ; stem
942 _2ddc
_cBK
999 _c164171
_d164171